Handbook of applied instrumentation / (Record no. 14495)
[ view plain ]
| 000 -LEADER | |
|---|---|
| fixed length control field | 00815cam a22002532 4500 |
| 001 - CONTROL NUMBER | |
| control field | 14495 |
| 003 - CONTROL NUMBER IDENTIFIER | |
| rucl marc code | UkOxU |
| 005 - DATE AND TIME OF LATEST TRANSACTION | |
| control field | 20211208235634.0 |
| 008 - FIXED-LENGTH DATA ELEMENTS--GENERAL INFORMATION | |
| fixed length control field | 140206s1964 nyua b 001 0aeng d |
| 035 ## - SYSTEM CONTROL NUMBER | |
| System control number | OCLC ocm00561357 from D970903M |
| -- | (BD-RjUL)14547 |
| 040 ## - CATALOGING SOURCE | |
| Original cataloging agency | DLC |
| Transcribing agency | DLC |
| Modifying agency | UKM |
| -- | BD-RjU |
| Language of cataloging | eng |
| 041 ## - LANGUAGE CODE | |
| Language code of text/sound track or separate title | eng |
| 082 ## - DEWEY DECIMAL CLASSIFICATION NUMBER | |
| Classification number | 620 |
| Author mark and year | COH 1964 |
| 100 1# - MAIN ENTRY--PERSONAL NAME | |
| Personal name | Considine, Douglas M. |
| 9 (RLIN) | 45202 |
| 245 10 - TITLE STATEMENT | |
| Title | Handbook of applied instrumentation / |
| Statement of responsibility, etc. | Douglas M. Considine, editor-in-chief; S. D. Ross, associate editor. |
| 260 ## - PUBLICATION, DISTRIBUTION, ETC. (IMPRINT) | |
| Place of publication, distribution, etc. | New York : |
| Name of publisher, distributor, etc. | McGraw-Hill, |
| Date of publication, distribution, etc. | c1964 |
| 300 ## - PHYSICAL DESCRIPTION | |
| Pagination | xxi.varries pages : |
| Illustrations | illus. ; |
| Size | 23 cm. |
| 504 ## - BIBLIOGRAPHY, ETC. NOTE | |
| Bibliography, etc | Includes bibliographies and index. |
| 650 #0 - SUBJECT ADDED ENTRY--TOPICAL TERM | |
| Topical term or geographic name as entry element | Measurement. |
| 9 (RLIN) | 45203 |
| Topical term or geographic name as entry element | Automatic control. |
| 9 (RLIN) | 45204 |
| 942 ## - ADDED ENTRY ELEMENTS (KOHA) | |
| Source of classification or shelving scheme | Dewey Decimal Classification |
| Koha item type | Books |
| Lost status | Source of classification or shelving scheme | Damaged status | Not for loan | Collection code | Permanent Location | Current Location | Shelving location | Date acquired | Source of acquisition | Cost, normal purchase price | Total Checkouts | Full call number | Date last seen | Copy number | Koha item type |
|---|---|---|---|---|---|---|---|---|---|---|---|---|---|---|---|
| Dewey Decimal Classification | Non-fiction | Central Library, University of Rajshahi | Central Library, University of Rajshahi | Reading Room | 25/02/1967 | book center | 162.50 | 620 COH 1964 | 06/02/2014 | C-1 | Books |